Statistiques concernant Qui est-ce ? (#4)

Cliquez ici pour prendre le quiz!

Statistiques générales

  • Ce quiz a été pris 164 fois
  • Le résultat moyen est 5 sur 10

Statistiques - réponses

IndicesPersonnages% Correct
Chancelière d'AllemagneAngela Merkel
94%
Explorateur espagnol ayant découvert l'Amérique (1492)Christophe Colomb
70%
Créateur de FaceBookMark Zuckerberg
69%
Pharaon mort à l'âge de 18 ansToutankhamon
60%
Artiste français ayant peint « Les Coquelicots »Claude Monet
37%
Explorateur français ayant découvert l'Amérique (1534)Jacques Cartier
36%
Gymnaste roumaine considérée comme l'une des meilleures gymnastes au monde (1976)Nadia Comaneci
34%
Joueur de soccer professionnel gabonais du prénom de Pierre-EmerickPierre-Emerick Aubameyang
34%
Président chinoisXi Jinping
24%
Présidente de la Chambre des Représentants des États-UnisNancy Pelosi
6%

Distribution des résultats

Percentile par nombre de réponses

% des personnes avec chaque résultat

Votre développement - résultats

Vous n’avez pas pris ce quiz